000 00726nam a22002177a 4500
999 _c17913
_d17913
003 AR-CdUCM
008 190510b ||||| |||| 00| 0 spa d
040 _aMUNICIPALIDAD PROVINCIAL DEL CUSCO
_cBIBLIOTECA MUNICIPAL DEL CUSCO
082 _a398.368 /
_bF76
110 _aII fórum Internacional
_919261
245 _aPor la revalorización de la hoja de coca :
_bcompromiso nacional /
260 _aLima :
_bENACO,
_c1994.
300 _a140 páginas ;
_bFotografías,
_c21 cm.
505 _aContenido: La hoja de coca en el Perú.
650 _aHoja de coca
_932428
650 _aRespeto a la hoja de coca
_938154
650 _aEnaco
_938155
700 _aUnsaac
_916395
942 _2ddc
_cLIBROS
945 _adavv
_d2019-05-10